|
|
|
|
| LEADER |
00000nam a22000007a 4500 |
| 005 |
20140711004831.0 |
| 007 |
cr|||| |||| |
| 008 |
140711s2013 es |||||s||||o00||0 spa d |
| 020 |
|
|
|a 978-84-7088-982-0
|
| 035 |
|
|
|a 12238
|
| 040 |
|
|
|a vLex
|
| 090 |
|
|
|c 5025
|d 5025
|
| 245 |
0 |
0 |
|a Descentralizacin̤, transparencia y seguridad jurd̕ica en Amřica Latina y Europa
|h [Recurso electrn̤ico] /
|
| 256 |
|
|
|a Servicio en ln̕ea
|
| 260 |
|
|
|a Madrid:
|b Instituto Nacional de Administracin̤ Pb︢lica (INAP),
|c 2013
|
| 300 |
|
|
|a 1 recurso electrn̤ico
|
| 500 |
|
|
|a Seminario internacional sobre procesos de descentralizacin̤ en Amřica Latina y Europa con foco en la institucionalidad jurd̕ica, las competencias y los recursos, y la transparencia y la participacin̤ ciudadana. Coordinadores: Agustn̕ Fernǹdez de Losada y Claudia Serrano Madrid.
|
| 506 |
1 |
|
|a Disponible solo en los productos indicados
|d vLex Global
|d vLex Global (Academic Edition, excluding Law Schools)
|d vLex Global (U.S. Academic Edition, Law Schools)
|d vLex Global (U.S. Academic Edition, excluding Law Schools)
|d vLex Global (Academic Edition, Law Schools)
|
| 650 |
0 |
4 |
|a Derecho Pb︢lico y Administrativo
|z Espaą
|
| 740 |
0 |
|
|a vLex Libros (Servicio en ln̕ea)
|
| 856 |
4 |
0 |
|u http://vlex.com/source/descentralizacion-transparencia-seguridad-juridica-america-latina-europa-12238
|z Acceso restringido
|
| 942 |
|
|
|c BOOK
|
| 999 |
0 |
|
|a Public and Administrative Law
|